| 000 | 00419nam a2200157Ia 4500 | ||
|---|---|---|---|
| 005 | 20250627015716.0 | ||
| 008 | 240331s9999 xx 000 0 und d | ||
| 020 | _a955011035 | ||
| 082 |
_bGUN _a379 |
||
| 100 | _aGunasekara,S | ||
| 245 | 0 | _aSri Lankawe adyapana arbuudaya | |
| 260 |
_aKottawa _bLayered publishing & Printers _c1994 |
||
| 300 | _a112 p ., | ||
| 500 | _aThe Crisis in Education in Sri Lanka | ||
| 942 | _cL | ||
| 999 |
_c5186 _d5186 |
||